| 000 | 01223nam0a22002531 4500 | ||
|---|---|---|---|
| 001 | rc\3804252 | ||
| 005 | 20260408082609.0 | ||
| 021 |
_aRU _bРг3359-76 |
||
| 035 | _a(NLR Aleph) 007249033 | ||
| 090 |
_a5185114 _c5185114 |
||
| 100 | _a20120311d1975 |||y0rusy50 ca | ||
| 101 | 0 | _arus | |
| 102 | _aRU | ||
| 105 | _aa z ||||| | ||
| 200 | 1 |
_aКомплексная аппаратура микробокового каротажа для исследования глубоких нефтяных и газовых скважин МБК _f[Изготовитель: Киев. опыт. эксперим. з-д геофиз. приборостроения |
|
| 210 |
_aЛенинград _cНедра. Ленингр. отд-ние _d1975 |
||
| 215 |
_a[3] с. _cил. _d29 |
||
| 225 | 1 |
_aВДНХ СССР. Министерство геологии СССР. НПО "Геофизика". Каталог геофизической аппаратуры _vГА. 02.01.15 |
|
| 712 | 0 | 2 |
_aЗавод геофизического приборостроения _cКиев _9794014 _3RU\NLR\AUTH\8810149727 |
| 801 | 0 |
_aRU _bNLR _gpsbo |
|
| 801 | 1 |
_aRU _bELAR _2rusmarc |
|
| 852 |
_aNLR _jПт 40.6/34-02.01.15 |
||
| 942 | _cBOOK | ||
| 980 | _aNB | ||